Konsep asas kepenggunaan

Bibliographic Details
Main Author: Mohd Hamdan Adnan
Format: Book
Published: Kuala Lumpur : DBP , 1994
Subjects:

MARC

LEADER 00000cam a2200000 7i4500
001 0000003216
002 000003473
005 20000330.0
020 |a 9836240799 
090 0 0 |a 381.33   |b MOH 
100 0 |a Mohd Hamdan Adnan 
245 1 0 |a Konsep asas kepenggunaan   |c Mohd Hamdan Adnan 
260 |a Kuala Lumpur :   |b DBP ,   |c 1994 
300 |a 304p. ;   |c 21cm. 
650 0 0 |a Consumer education 
650 0 0 |a Consumer protection 
999 |a 036817   |b BUKU   |c MALAYSIANA   |e PERPUSTAKAAN KOMUNITI PETALING JAYA